[Event "Fall Chess Classic-A 2019"]
[Site "Saint Louis"]
[Date "2019.09.10"]
[Round "1.1"]
[White "Bortnyk, Olexandr"]
[Black "Robson, Ray"]
[Result "1/2-1/2"]
[WhiteElo "2602"]
[BlackElo "2653"]
[Annotator "TA"]
[PlyCount "68"]
[EventDate "2019.09.10"]
[EventType "tourn"]
[EventCountry "USA"]
[SourceTitle "playchess.com"]
[Source "ChessBase"]
[SourceQuality "1"]

{[%evp 25,68,8,13,0,-7,-19,4,6,4,-19,0,0,6,10,7,8,17,25,22,26,18,19,41,38,36,0,0,0,0,0,0,0,0,0,0,0,0,0,0,0,0,0,0,0,0]} 1. e4 c5 2. c3 Nf6 3. e5 Nd5 4. Nf3 Nc6 5. d4 cxd4 6. cxd4 d6 7. Bc4 Nb6 8. Bb5 dxe5 9. Nxe5 Bd7 10. Nxd7 Qxd7 11. Nc3 e6 12. O-O Be7 13. Qg4 O-O 14. Rd1 {B22: Sicilian: 2 c3} (14. Bxc6 bxc6 15. Bh6 Bf6 16. Rad1 Kh8 17. Ne4 Qe7 18. Bf4 Rad8 19. Qg3 Rg8 20. Bd6 Qd7 21. Bc7 Rc8 {1-0 (83) Vajda,L (2596)-Markos,J (2572) Slovakia 2017}) 14... Rfd8 15. Bh6 {[%csl Gh6][%cal Rg4g7] [#]} Bf8 16. Bg5 Be7 17. Bh6 {[%csl Gh6][%cal Rg4g7]} Bf8 18. Bg5 Be7 19. d5 exd5 20. Qxd7 Rxd7 21. Bxe7 Rxe7 22. Nxd5 Nxd5 23. Rxd5 a6 24. Bxc6 bxc6 $14 {[%mdl 4096] Endgame KRR-KRR} 25. Rc5 $146 Re2 {The position is equal.} 26. b3 Rd8 27. Ra5 Rdd2 28. Rxa6 {[#] White threatens Ra8+ and mate.} g6 29. Rf1 Rxa2 30. Rxc6 Reb2 31. Rb6 Ra3 32. b4 Rab3 33. g3 Rxb4 34. Rxb4 Rxb4 {Accuracy: White = 70%, Black = 83%.} 1/2-1/2

[Event "Fall Chess Classic-A 2019"]
[Site "Saint Louis"]
[Date "2019.09.10"]
[Round "1.2"]
[White "Ipatov, Alexander"]
[Black "Melkumyan, Hrant"]
[Result "0-1"]
[WhiteElo "2650"]
[BlackElo "2653"]
[Annotator "RC"]
[PlyCount "138"]
[EventDate "2019.09.10"]
[EventType "tourn"]
[EventCountry "USA"]
[SourceTitle "playchess.com"]
[Source "ChessBase"]
[SourceQuality "1"]
[TimeControl "40/5400+30:1800+30"]

1. Nf3 {[%emt 0:00:00]} c5 {[%emt 0:00:22]} 2. c4 {[%emt 0:00:56]} Nc6 {[%emt 0:00:19]} 3. Nc3 {[%emt 0:00:54]} g6 {[%emt 0:01:03]} 4. g3 {[%emt 0:03:45]} Bg7 {[%emt 0:01:15]} 5. Bg2 {[%emt 0:00:19]} e5 {[%emt 0:02:47]} 6. d3 {[%emt 0:02:00]} Nge7 {[%emt 0:00:13]} 7. O-O {[%emt 0:02:47]} d6 {[%emt 0:00:43]} 8. Rb1 {[%emt 0:00:47]} O-O {[%emt 0:01:25]} 9. a3 {[%emt 0:01:40]} a5 {[%emt 0:01:01]} 10. Bd2 {[%emt 0:06:31]} h6 {[%emt 0:02:05]} 11. Ne1 {[%emt 0:07:24]} Be6 {[%emt 0:00:17]} 12. Nc2 {[%emt 0:07:05]} d5 {[%emt 0:09:07]} 13. cxd5 {[%emt 0:04:46]} Nxd5 {[%emt 0:00:17]} 14. Ne3 {[%emt 0:00:04]} Nde7 {[%emt 0:01:31]} 15. Na4 {[%emt 0:03:17]} b6 {[%emt 0:07:03]} 16. b4 {[%emt 0:00:31]} cxb4 {[%emt 0:01:30]} 17. axb4 {[%emt 0:00:04]} b5 {[%emt 0:01:58]} 18. Nc5 {[%emt 0:09:03]} Ba2 {[%emt 0:00:45]} 19. bxa5 {[%emt 0:16:23]} Bxb1 {[%emt 0:00:50]} 20. Qxb1 {[%emt 0:00:01]} Nd4 {[%emt 0:00:33]} 21. Re1 {[%emt 0:01:25]} Ra7 {[%emt 0:12:37]} 22. Kf1 {[%emt 0:01:01]} Nec6 {[%emt 0:05:30]} 23. Nd5 {[%emt 0:04:52]} Nxa5 {[%emt 0:06:09]} 24. e3 {[%emt 0:00:55]} Nf5 {[%emt 0:09:12]} 25. Qxb5 {[%emt 0:02:30]} Nd6 {[%emt 0:00:08]} 26. Qa4 {[%emt 0:07:03]} Qe8 {[%emt 0:01:34]} 27. Qh4 {[%emt 0:05:34]} Qb5 {[%emt 0:04:34]} 28. Kg1 {[%emt 0:05:05]} Nf5 {[%emt 0:02:30]} 29. Qb4 {[%emt 0:00:43]} Qxb4 {[%emt 0:02:08]} 30. Bxb4 {[%emt 0:01:35]} Nc6 {[%emt 0:00:38]} 31. Bc3 {[%emt 0:02:14]} Nce7 {[%emt 0:03:53]} 32. Rb1 {[%emt 0:02:19]} Rc8 {[%emt 0:01:11]} 33. Nxe7+ {[%emt 0:01:05]} Rxe7 {[%emt 0:01:10]} 34. Ne4 {[%emt 0:00:36]} Rd7 {[%emt 0:01:53]} 35. Bf1 {[%emt 0:00:59]} Nd6 {[%emt 0:03:29]} 36. Nxd6 {[%emt 0:00:03]} Rxd6 {[%emt 0:03:28]} 37. Rb3 {[%emt 0:00:03]} Rdc6 {[%emt 0:00:45]} 38. Bb2 {[%emt 0:00:01]} Rc2 {[%emt 0:00:44]} 39. Bh3 {[%emt 0:02:05]} Ra8 {[%emt 0:02:01]} 40. Ba3 {[%emt 0:00:00]} Bf8 {[%emt 0:00:00]} 41. Bb2 {[%emt 0:01:52]} Bd6 {[%emt 0:03:06]} 42. d4 {[%emt 0:13:23]} Rb8 {[%emt 0:02:01]} 43. Rxb8+ {[%emt 0:00:04]} Bxb8 {[%emt 0:00:10]} 44. Ba3 {[%emt 0:00:01]} exd4 {[%emt 0:00:23]} 45. exd4 {[%emt 0:00:01]} Ba7 {[%emt 0:00:10]} 46. Bc5 {[%emt 0:00:03]} Bxc5 {[%emt 0:00:10]} 47. dxc5 {[%emt 0:00:00]} Rxc5 {[%emt 0:00:16]} 48. Bg4 {[%emt 0:02:41]} g5 {[%emt 0:02:53]} 49. Bf3 {[%emt 0:00:22]} Kg7 {[%emt 0:00:10]} 50. Kg2 {[%emt 0:00:42]} Kf6 {[%emt 0:00:47]} 51. Bb7 {[%emt 0:01:27]} Ke5 {[%emt 0:00:10]} 52. Kf3 {[%emt 0:00:05]} Rc7 {[%emt 0:00:48]} 53. Ba6 {[%emt 0:01:01]} Rc3+ {[%emt 0:01:57]} 54. Kg2 {[%emt 0:01:28]} Kd4 {[%emt 0:00:32]} 55. Be2 {[%emt 0:02:06]} Rc6 {[%emt 0:01:29]} 56. Bh5 {[%emt 0:02:48]} Rf6 {[%emt 0:00:12]} 57. Be2 {[%emt 0:02:21]} Kc3 {[%emt 0:00:22]} 58. Kf1 {[%emt 0:00:32]} Kd2 {[%emt 0:00:18]} 59. Bc4 {[%emt 0:00:22]} Rf5 {[%emt 0:00:10]} 60. Kg2 {[%emt 0:04:58]} Ke1 {[%emt 0:01:07]} 61. f3 {[%emt 0:00:02]} Kd2 {[%emt 0:00:57]} 62. Kf2 {[%emt 0:00:48]} Kc3 {[%emt 0:00:07]} 63. Ba2 {[%emt 0:01:25]} Kd4 {[%emt 0:00:44]} 64. h4 {[%emt 0:01:33]} gxh4 {[%emt 0:02:47]} 65. gxh4 {[%emt 0:00:14]} Rf4 {[%emt 0:00:08]} 66. Kg3 {[%emt 0:01:08]} Ke3 {[%emt 0:00:53]} 67. Bd5 {[%emt 0:00:09]} f5 {[%emt 0:02:04]} 68. h5 {[%emt 0:02:26]} Ra4 {[%emt 0:00:12]} 69. Bc6 {[%emt 0:01:18]} f4+ {[%emt 0:00:08]} 0-1

[Event "Fall Chess Classic-A 2019"]
[Site "Saint Louis"]
[Date "2019.09.10"]
[Round "1.3"]
[White "Lenderman, Aleksandr"]
[Black "Akobian, Varuzhan"]
[Result "1/2-1/2"]
[WhiteElo "2645"]
[BlackElo "2618"]
[Annotator "TA"]
[PlyCount "84"]
[EventDate "2019.09.10"]
[EventType "tourn"]
[EventCountry "USA"]
[SourceTitle "playchess.com"]
[Source "ChessBase"]
[SourceQuality "1"]

{[%evp 25,84,7,22,17,25,0,7,0,8,13,14,6,16,0,7,0,14,0,1,-11,-12,-7,0,-11,-12,-9,0,-37,-23,-27,0,0,0,0,0,-25,0,0,0,0,0,0,0,-8,0,0,0,0,0,0,0,0,0,0,0,0,0,0,0,0,0]} 1. d4 Nf6 2. c4 e6 3. Nf3 d5 4. Bg5 Be7 5. e3 O-O 6. Qc2 Nbd7 7. Nc3 h6 8. Bh4 c6 9. cxd5 exd5 10. Bd3 Re8 11. O-O Ne4 12. Bxe7 Qxe7 13. Rab1 Ng5 (13... Nb6 {is interesting.} 14. Nd2 Nd6 15. Ne2 Be6 16. Nf4 g6) 14. Nxg5 {D36: Queen's Gambit Declined: Exchange Variation: Main line (5 Bg5 c6 6 Qc2)} hxg5 15. b4 Nf6 16. Ne2 $146 ({Predecessor:} 16. b5 Qd6 17. bxc6 Ng4 18. g3 Qh6 19. f3 Nxe3 20. Rfe1 Qxc6 21. Qd2 Nc4 22. Rxe8+ Qxe8 {1-0 (31) Bukal,V (2414)-Krasevec,V (2065) Arvier 2006}) 16... Bd7 17. Qc5 Ne4 18. Qxe7 Rxe7 19. Bxe4 Rxe4 20. Rfc1 Ree8 21. Nc3 Rac8 22. a4 Bf5 23. Ra1 Bd3 24. Nd1 g4 25. Rc3 Bf5 26. Nb2 Kf8 27. Nd3 Bxd3 28. Rxd3 $11 {[%mdl 4096] Endgame KRR-KRR} Ke7 29. Rc3 Kd6 30. Rac1 Re7 31. g3 {The position is equal.} g5 32. Kg2 f5 33. h3 gxh3+ 34. Kxh3 g4+ 35. Kg2 Rh8 36. Kf1 Rh1+ 37. Ke2 Rxc1 38. Rxc1 Rh7 39. a5 a6 40. Kd3 Rh2 41. Ke2 Rh7 42. Kd3 Rh2 {Accuracy: White = 59%, Black = 64%.} 1/2-1/2

[Event "Fall Chess Classic-A 2019"]
[Site "Saint Louis"]
[Date "2019.09.10"]
[Round "1.4"]
[White "Durarbayli, Vasif"]
[Black "Smirin, Ilia"]
[Result "1-0"]
[WhiteElo "2626"]
[BlackElo "2599"]
[Annotator "RC"]
[PlyCount "76"]
[EventDate "2019.09.10"]
[EventType "tourn"]
[EventCountry "USA"]
[SourceTitle "playchess.com"]
[Source "ChessBase"]
[SourceQuality "1"]
[TimeControl "40/5400+30:1800+30"]

1. d4 {[%emt 0:00:00]} Nf6 {[%emt 0:00:30]} 2. c4 {[%emt 0:00:00]} e6 {[%emt 0:00:14]} 3. g3 {[%emt 0:00:27]} c5 {[%emt 0:00:23]} 4. Nf3 {[%emt 0:02:51]} cxd4 {[%emt 0:00:35]} 5. Nxd4 {[%emt 0:00:14]} d5 {[%emt 0:00:28]} 6. Bg2 {[%emt 0:00:52]} e5 {[%emt 0:00:29]} 7. Nf3 {[%emt 0:02:03]} d4 {[%emt 0:00:50]} 8. O-O {[%emt 0:00:22]} Nc6 {[%emt 0:00:04]} 9. e3 {[%emt 0:00:08]} Be7 {[%emt 0:00:23]} 10. exd4 {[%emt 0:00:24]} exd4 {[%emt 0:00:14]} 11. b4 {[%emt 0:00:18]} Bxb4 {[%emt 0:08:52]} 12. Nxd4 {[%emt 0:10:42]} O-O {[%emt 0:05:47]} 13. Nxc6 {[%emt 0:07:16]} Qxd1 {[%emt 0:05:28]} 14. Rxd1 {[%emt 0:00:49]} bxc6 {[%emt 0:00:03]} 15. Ba3 {[%emt 0:24:07]} Rb8 {[%emt 0:03:18]} 16. Bxc6 {[%emt 0:00:16]} Bh3 {[%emt 0:18:34]} 17. Bxb4 {[%emt 0:09:01]} Rxb4 {[%emt 0:00:14]} 18. Nd2 {[%emt 0:02:50]} h5 {[%emt 0:05:28]} 19. Rab1 {[%emt 0:05:41]} Rfb8 {[%emt 0:16:26]} 20. Rb3 {[%emt 0:06:43]} R8b6 {[%emt 0:03:58]} 21. Bf3 {[%emt 0:06:17]} Ra4 {[%emt 0:02:39]} 22. c5 {[%emt 0:00:58]} Rba6 {[%emt 0:08:53]} 23. c6 {[%emt 0:01:48]} Rxa2 {[%emt 0:00:15]} 24. Ne4 {[%emt 0:03:10]} Nxe4 {[%emt 0:03:37]} 25. Bxe4 {[%emt 0:02:12]} g6 {[%emt 0:00:08]} 26. c7 {[%emt 0:01:25]} Kg7 {[%emt 0:01:45]} 27. Bg2 {[%emt 0:04:02]} Bc8 {[%emt 0:00:46]} 28. Rb8 {[%emt 0:01:01]} Rd6 {[%emt 0:02:44]} 29. Rf1 {[%emt 0:00:26]} Be6 {[%emt 0:00:07]} 30. c8=Q {[%emt 0:00:29]} Bxc8 {[%emt 0:00:03]} 31. Rxc8 {[%emt 0:00:04]} Rdd2 {[%emt 0:00:13]} 32. Rc5 {[%emt 0:00:31]} a5 {[%emt 0:00:21]} 33. Bd5 {[%emt 0:00:11]} Ra3 {[%emt 0:00:14]} 34. Rb1 {[%emt 0:00:24]} Rad3 {[%emt 0:00:17]} 35. Bc6 {[%emt 0:01:44]} Ra3 {[%emt 0:00:42]} 36. Rc4 {[%emt 0:02:48]} Raa2 {[%emt 0:00:41]} 37. Rf4 {[%emt 0:00:35]} f5 {[%emt 0:00:10]} 38. h4 {[%emt 0:00:12]} Rac2 {[%emt 0:00:18]} 1-0

[Event "Fall Chess Classic-A 2019"]
[Site "Saint Louis"]
[Date "2019.09.10"]
[Round "1.5"]
[White "Van Foreest, Jorden"]
[Black "Swiercz, Dariusz"]
[Result "1/2-1/2"]
[WhiteElo "2622"]
[BlackElo "2648"]
[Annotator "TA"]
[PlyCount "66"]
[EventDate "2019.09.10"]
[EventType "tourn"]
[EventCountry "USA"]
[SourceTitle "playchess.com"]
[Source "ChessBase"]
[SourceQuality "1"]

{[%evp 20,66,15,10,12,9,14,14,14,16,14,15,15,5,18,16,17,15,15,0,23,17,19,15,21,24,27,17,26,22,23,15,13,12,16,6,9,8,8,0,0,0,8,8,8,8,8,8,8]} 1. d4 Nf6 2. c4 e6 3. Nf3 d5 4. Nc3 c5 5. cxd5 Nxd5 6. e4 Nxc3 7. bxc3 cxd4 8. cxd4 Bb4+ 9. Bd2 Bxd2+ 10. Qxd2 O-O 11. Bd3 Nc6 {D41: Queen's Gambit Declined: Semi-Tarrasch with 5 cxd5} 12. Bc2 Qa5 (12... b6 13. O-O Bb7 14. d5 Na5 15. dxe6 fxe6 16. Qe2 Rc8 17. Rad1 Qc7 18. Nd4 Qe5 19. Rfe1 {½-½ (37) Wojtaszek,R (2737)-Kramnik,V (2794) Antalya 2017}) 13. Qxa5 Nxa5 14. Bd3 b6 15. Kd2 Bb7 16. Rac1 Rac8 17. h4 $146 ({Predecessor:} 17. Ne5 Rfd8 18. Rxc8 Rxc8 19. Rc1 Rxc1 20. Kxc1 {1-0 (48) Ubiennykh,E (2285)-Gaponenko,I (2380) Khanty-Mansiysk 2014}) 17... h6 18. Ke3 Nc6 19. a3 Rfd8 20. Rc3 Ne7 21. Rhc1 Rxc3 22. Rxc3 {[#] Hoping for Rc7.} Rc8 23. Rxc8+ Nxc8 $11 {[%mdl 4096] Endgame KBN-KBN} 24. g4 Kf8 25. Ne5 Ke7 {The position is equal.} 26. f4 Nd6 27. f5 b5 28. fxe6 fxe6 29. Ng6+ Kf7 30. Nf4 a6 31. g5 hxg5 32. hxg5 Ke7 33. Ng6+ Kf7 {Accuracy: White = 67%, Black = 68%.} 1/2-1/2

[Event "Fall Chess Classic-A 2019"]
[Site "Saint Louis"]
[Date "2019.09.11"]
[Round "2.1"]
[White "Robson, Ray"]
[Black "Swiercz, Dariusz"]
[Result "0-1"]
[WhiteElo "2653"]
[BlackElo "2648"]
[Annotator "TA"]
[PlyCount "112"]
[EventDate "2019.09.10"]
[EventType "tourn"]
[EventCountry "USA"]
[SourceTitle "playchess.com"]
[Source "ChessBase"]
[SourceQuality "1"]

{[%evp 14,112,20,0,16,14,10,10,11,7,20,2,2,6,6,0,6,14,12,8,7,21,39,14,22,0,0,0,0,0,0,0,0,0,0,0,0,0,0,0,-17,-26,-12,-31,-19,-124,-110,-177,-172,-164,-152,-139,-136,-266,-248,-381,-408,-476,-170,-170,-165,-150,-156,-156,-155,-204,-198,-231,-220,-300,-297,-405,-380,-417,-418,-568,-564,-677,-673,-671,-669,-824,-817,-807,-800,-5582,-5575,-5495,-5450,-5443,-5197,-5485,-1528,-29966,-29967,-29948,-29953,-29969,-29969,-11601,-5422]} 1. e4 c5 2. Nf3 Nc6 3. Nc3 e5 4. Bc4 Be7 5. d3 d6 6. O-O Nf6 7. Ng5 O-O 8. f4 Bg4 {B30: Sicilian: 2...Nc6 3 Bb5, lines without ...g6} 9. Qe1 exf4 (9... h6 10. Nf3 Nd4 11. fxe5 Bxf3 12. exf6 Bxf6 13. Rxf3 Nxc2 14. Qd1 Bd4+ 15. Kh1 Nxa1 16. Bd2 {0-1 (61) Saric,I (2695)-Melkumyan,H (2670) St Petersburg 2018}) 10. Bxf4 Nd4 {The position is equal.} 11. Qd2 Qd7 12. a4 a6 13. e5 dxe5 14. Bxe5 Bf5 15. Rae1 h6 $146 ({Predecessor:} 15... Rae8 16. Bxf6 Bxf6 17. Rxe8 Qxe8 {½-½ (35) Marcinkiewicz,J (2447)-Saksis,J (2453) ICCF email 2006}) 16. Nf3 Rae8 17. h3 Bh7 18. Nxd4 cxd4 19. Bxf6 Bxf6 20. Rxe8 Rxe8 21. Nd5 Bg5 22. Qf2 {Strongly threatening h4.} Bg6 23. Kh1 Be3 24. Qg3 Kh7 25. Bb3 f5 26. Qf3 Re5 27. Nb6 Qc7 28. Nc4 Re8 29. Nxe3 (29. g3 $11) 29... dxe3 $17 30. Re1 (30. Qe2 $17 {keeps fighting.}) 30... f4 $19 31. g3 Qa5 ({Worse is} 31... fxg3 32. Rxe3 Rxe3 33. Qxe3 $11) 32. Re2 fxg3 $1 33. Qxg3 (33. Bf7 $17 Bxf7 34. Qxf7) 33... Qh5 34. Qg4 (34. Re1 {only move.}) 34... Qe5 $1 35. Re1 Bh5 $2 (35... Rf8 {...Rf2 is the strong threat.} 36. Qe6 Qg3) 36. Qe4+ Qxe4+ 37. dxe4 Rxe4 {[%mdl 4096] Endgame KRB-KRB} 38. Bd5 {[#]} Re7 $1 ({Don't do} 38... Rxa4 39. Bxb7 a5 40. Rxe3 $17) 39. a5 g5 40. Kg2 {[#]} Kg6 $1 41. c4 Kf5 42. b4 Kf4 43. b5 Bg6 44. Rf1+ Ke5 45. Bf3 Bd3 $1 {[%csl LRb5,LRc4,LRf1]} 46. Rc1 Kd4 47. bxa6 bxa6 48. c5 e2 49. Kf2 e1=Q+ 50. Rxe1 Rxe1 51. Kxe1 Kxc5 {KB-KB} 52. Kf2 Kb4 53. Kg3 Kxa5 54. Kg4 Bg6 55. h4 gxh4 56. Be2 Kb6 {Accuracy: White = 37%, Black = 81%.} 0-1

[Event "Fall Chess Classic-A 2019"]
[Site "Saint Louis"]
[Date "2019.09.11"]
[Round "2.2"]
[White "Smirin, Ilia"]
[Black "Van Foreest, Jorden"]
[Result "1/2-1/2"]
[WhiteElo "2599"]
[BlackElo "2622"]
[Annotator "TA"]
[PlyCount "157"]
[EventDate "2019.09.10"]
[EventType "tourn"]
[EventCountry "USA"]
[SourceTitle "playchess.com"]
[Source "ChessBase"]
[SourceQuality "1"]

{[%evp 14,157,26,14,8,5,6,0,0,0,12,12,36,37,38,37,46,37,48,34,44,40,77,85,76,78,243,234,250,244,286,208,224,132,292,282,401,393,460,454,445,455,440,441,442,419,501,345,340,126,247,0,0,0,101,107,107,107,107,107,107,107,107,107,96,89,90,90,83,86,91,89,90,91,180,179,172,164,159,145,145,99,285,278,205,77,77,79,77,25,157,152,137,137,148,148,228,225,207,147,147,147,133,34,31,34,34,8,8,8,11,8,8,8,8,0,0,0,0,0,0,0,0,0,0,0,0,0,0,0,4614,0,0,0,0,0,0,0,0,0,0,0,0,0,0,0]} 1. e4 c5 2. Nf3 Nc6 3. Nc3 e5 4. Bc4 d6 5. d3 Be7 6. h3 Nf6 7. O-O O-O 8. a3 a6 {B30: Sicilian: 2...Nc6 3 Bb5, lines without ...g6} (8... Be6 9. Nd5 Bxd5 10. exd5 Nd4 11. Nh2 Qd7 12. f4 e4 13. c3 Nf5 14. g4 Nh4 15. Qe1 b5 16. Ba2 exd3 17. Qxh4 {½-½ (34) Nakamura,H (2769)-Vachier Lagrave,M (2789) Leuven 2018}) 9. Nd5 b5 10. Nxf6+ Bxf6 11. Bd5 Qc7 $146 (11... Bd7 {seems wilder.} 12. b4 Rc8 13. bxc5 dxc5 14. Be3 Ne7) ({Predecessor:} 11... Bd7 12. b4 Rc8 13. c3 Be6 14. Bxe6 fxe6 15. bxc5 dxc5 16. Be3 {0-1 (37) Polovka,M (1887)-Nadzamova,S (1734) Slovakia 2014}) 12. b4 Be6 (12... Bb7 {is interesting.} 13. bxc5 dxc5 14. Nh2 Be7 15. Ng4 Nd4) 13. Bxe6 $1 fxe6 14. c3 Ne7 15. Be3 Ng6 16. g3 c4 17. a4 d5 18. Bc5 Rfd8 19. axb5 dxe4 $2 (19... axb5 $16 20. Rxa8 Rxa8) 20. Nd2 $18 {[%mdl 64] Double Attack} exd3 21. Qf3 ({Much less strong is} 21. Rxa6 $6 Qb7) (21. bxa6 $6 Qc6) 21... Ne7 22. Bxe7 ({Resist} 22. bxa6 $6 Nd5 $16) 22... Bxe7 23. bxa6 (23. Rxa6 $18 Rab8 24. Qc6 (24. Rxe6 Rxb5 25. Nxc4 Bf8 $16)) 23... Bg5 $2 (23... Qb6 $16) 24. Ne4 Be7 (24... Bh6 $142 25. Nc5 Qd6) 25. b5 Qb6 26. Rfb1 Rd5 27. Qe3 Bc5 28. Nxc5 Rxc5 29. Rb4 h6 30. Rab1 Rb8 31. Qe4 $2 (31. Kg2 $18 {has better winning chances.}) 31... d2 (31... Rd8 $16 {might work better.} 32. R4b2 d2) 32. Qc2 $2 (32. Rd1 $1 $18) 32... Rd5 33. Rd1 Rbd8 (33... Rxb5 $11 34. Rxb5 Qxb5) 34. Qe4 $1 $16 Rxb5 35. Rxb5 Qxb5 {[%mdl 4096] Endgame KQR-KQR} 36. a7 Qd5 37. Qxd5 exd5 38. Rxd2 {KR-KR} Ra8 39. Rxd5 Rxa7 40. Rxe5 Ra1+ 41. Kg2 Rc1 42. Re3 Kf7 43. Kf3 Rc2 (43... Kf6 $16 {was called for.}) 44. Ke4 $1 $18 Rd2 45. Rf3+ Ke6 46. h4 Rd1 47. h5 Rd5 $2 (47... Rh1 $16 {was necessary.}) 48. g4 $1 Rd1 49. Re3 (49. Ke3 $1 $18 {is the precise move to win.}) 49... Kf6 $16 50. Kf4 Rc1 51. Rf3 ({White should try} 51. g5+ $16 hxg5+ 52. Kg4) 51... Ke6 (51... Rg1 $1 $11 {remains equal.}) 52. g5 $1 Rh1 53. Kg4 Rg1+ 54. Rg3 Rf1 (54... Re1 $16 55. Kf4 Rc1 56. Re3+ Kf7 57. gxh6 gxh6) 55. Re3+ $18 Kf7 56. g6+ Kf6 {[#]} 57. Rf3+ $1 Ke6 {[#]} 58. Rf7 (58. Rf5 $1 $16) 58... Rg1+ $14 59. Kf4 Rg5 $1 60. Ke4 Re5+ 61. Kd4 Rxh5 62. Kxc4 Rf5 63. Rxg7 {And now Rg8 would win.} Rxf2 64. Rg8 {Black must now prevent Re8+.} Rg2 65. Kb5 h5 66. c4 {c5 is the strong threat.} Rb2+ 67. Kc6 Kf6 $1 68. c5 {Threatens to win with g7.} h4 69. g7 {Strongly threatening Rh8.} Rh2 $1 70. Kc7 {Hoping for c6.} (70. Rd8 {feels hotter.} Kxg7 71. Rd3 Kf6 72. Kd6 Rc2 73. c6) 70... h3 71. c6 Rh1 $2 {[%mdl 8192]} (71... Rg2 $11) 72. Rf8+ $2 (72. Rd8 $18 Kxg7 73. Rd3) 72... Kxg7 $11 {The position is equal.} 73. Rf3 Kg6 74. Rc3 Kg5 75. Kc8 h2 76. Rc2 Kf4 77. c7 Kg3 78. Rc3+ Kg2 79. Rc2+ {Accuracy: White = 67%, Black = 61%.} 1/2-1/2

[Event "Fall Chess Classic-A 2019"]
[Site "Saint Louis"]
[Date "2019.09.11"]
[Round "2.3"]
[White "Akobian, Varuzhan"]
[Black "Durarbayli, Vasif"]
[Result "1/2-1/2"]
[WhiteElo "2618"]
[BlackElo "2626"]
[Annotator "TA"]
[PlyCount "101"]
[EventDate "2019.09.10"]
[EventType "tourn"]
[EventCountry "USA"]
[SourceTitle "playchess.com"]
[Source "ChessBase"]
[SourceQuality "1"]

{[%evp 15,101,12,14,4,22,19,14,11,25,11,30,3,54,52,67,26,23,23,8,0,0,0,-4,-3,0,0,0,0,0,0,0,0,0,-46,-47,-47,-46,-62,-62,-62,-62,-62,-62,-62,-62,-62,-62,-80,-24,-23,-12,-16,-8,-4,-4,-25,0,0,0,0,0,0,0,0,0,0,0,0,0,0,0,0,0,0,0,0,0,0,0,0,0,0,0,0,0,0,0,0]} 1. d4 Nf6 2. c4 g6 3. Nc3 d5 4. cxd5 Nxd5 5. e4 Nxc3 6. bxc3 Bg7 7. Nf3 c5 8. Be3 Qa5 9. Nd2 {D85: Exchange Grünfeld: Unusual White 7th moves and lines with 7 Nf3} (9. Qd2 Nc6 10. Rb1 a6 11. Rc1 cxd4 12. cxd4 Qxd2+ 13. Kxd2 f5 14. e5 O-O 15. Bc4+ e6 16. Ke2 Bd7 17. h4 Rfc8 18. Ng5 Nd8 19. Bb3 h6 20. Nh3 Rxc1 21. Rxc1 Rc8 22. Rxc8 Bxc8 {0-1 (49) Akobian,V (2641)-Durarbayli,V (2618) Saint Louis 2018}) 9... cxd4 10. Nc4 Qd8 ({Don't blunder} 10... Qxc3+ $2 11. Bd2 $18) 11. cxd4 O-O 12. Rc1 f5 13. Qb3 {And now Nd6+ would win.} Be6 (13... f4 $11 14. Nb6+ e6 15. Rxc8 (15. Nxa8 fxe3 16. fxe3 Qh4+ 17. Kd1 Qxe4 $11) 15... Qxb6 16. Rxf8+ Kxf8 17. Bxf4 Nc6) 14. Qxb7 $14 Nd7 15. Qa6 $146 ({Predecessor:} 15. d5 Bf7 16. f3 fxe4 17. fxe4 {0-1 (75) Repka,C (2491)-Melkumyan,H (2660) Caleta 2019}) 15... Nb6 $1 {Hoping for ...f4.} 16. d5 Bf7 17. Nxb6 axb6 18. Qxb6 Qxb6 19. Bxb6 Rfb8 20. Be3 Bb2 $36 {[%mdl 2048] Black has the initiative.} 21. Rd1 Bc3+ 22. Bd2 Bxd2+ 23. Rxd2 Rb1+ 24. Rd1 (24. Ke2 {is more complex.} fxe4 25. g3 Rb5 26. Bh3 Rxd5 27. Rhd1) 24... Rxd1+ 25. Kxd1 {With the idea Bc4.} Rxa2 26. exf5 gxf5 $15 {[%mdl 4096] Endgame KRB-KRB} 27. Ke1 Bxd5 {aiming for ...Ra1+.} 28. f3 e5 {Strongly threatening ...e4.} 29. Be2 $1 Ra1+ 30. Bd1 Kg7 $1 31. Kd2 {[#]} Bb3 $1 {[%mdl 512]} 32. g3 $11 (32. Bxb3 Rxh1) 32... Kf6 33. Re1 Ra2+ 34. Ke3 {[#]} f4+ $1 {[%mdl 512]} 35. Kd3 (35. gxf4 exf4+) 35... Bxd1 36. Rxd1 {KR-KR. The position is equal.} Rf2 37. gxf4 Rxf3+ {[%mdl 64] Double Attack} 38. Ke2 $1 {[%cal Re2f3]} Rxf4 39. Rd6+ Kg5 40. Re6 Rf5 41. Ke3 Kg4 42. Rh6 Rf7 43. Ke4 Kg5 44. Re6 Rf2 45. Rxe5+ Kg4 46. h3+ Kh4 47. Rf5 Rxf5 48. Kxf5 Kxh3 49. Kg5 Kg3 50. Kh6 Kg4 51. Kxh7 {Accuracy: White = 81%, Black = 67%.} 1/2-1/2